• 首页
  • 本馆介绍
  • 公告通知
  • 最新文献
  • 馆藏检索
  • 电子资源
  • 读者导购
  • 参考咨询
  • 我的图书馆
  • 登录
  • 详细信息显示
  • 放入我的书架
  • 预约/预借图书
  • 作者相关作品
  • 分类相关作品
  • 丛书相关作品
  • 出版社相关作品

书目信息

  • 表格格式
  • 工作单格式
  • 卡片格式
题名:
萨特传
    
 
作者: 吴岳添 著
分册:  
出版信息: 北京   新世界出版社  2003
页数: 211页
开本: 23cm
丛书名: 二十世纪外国经典作家传记
单 册:
中图分类: B565.53
科图分类:
主题词:
电子资源:
ISBN: 7-80187-098-0
000 00884oam2 2200265 450
001 002635713
005 20061118164135.15
010    @a7-80187-098-0@dCNY28.00
100    @a20040430d2003 em y0chiy0110 ea
101 0  @achi
102    @aCN@b110000
105    @aa z 000yb
200 1  @a萨特传@9sa te zhuan@f吴岳添著
210    @a北京@c新世界出版社@d2003
215    @a211页@c照片@d23cm
225 2  @a二十世纪外国经典作家传记@e插图珍藏本
308    @a丛书第一辑
330    @a本书分为大战以前、战争时期、大战以后三个部分,介绍了这位无神论存在主义哲学的创立者,存在主义文学流派的领袖。
461  0 @12001 @a二十世纪外国经典作家传记
600  0 @a萨特@c(Sartre, Jean-Paul@f1905~1980)@x传记
600  0 @a萨特@c(Sartre, Jean-Paul@f1905~1980)
690    @aB565.53@v4
701  0 @a吴岳添@9wu yue tian@f(1944~)@4著
801  0 @aCN@bNLC@c20061118
905    @a10447@dB565.53@e15≈2
    
    萨特传/吴岳添著.-北京:新世界出版社,2003
    211页:照片;23cm.-(二十世纪外国经典作家传记:插图珍藏本)
    
    
    ISBN 7-80187-098-0:CNY28.00
    本书分为大战以前、战争时期、大战以后三个部分,介绍了这位无神论存在主义哲学的创立者,存在主义文学流派的领袖。
●
相关链接 在E读中查询图书 在五车中查询图书 在当当中查询图书 在豆瓣中查询图书


正题名:萨特传     索取号:B565.53/15≈2         预约/预借

序号 登录号 条形码 馆藏地/架位号 状态 备注
1 0392236   203922363   第一样本阅览室/ [索取号:B565.53/15≈2] 在馆    
2 0392237   203922372   第一借阅区/ [索取号:B565.53/15≈2] 在馆    
3 0392238   203922381   第一借阅区/ [索取号:B565.53/15≈2] 在馆    
4 0392239   203922390   第一借阅区/ [索取号:B565.53/15≈2] 在馆    
5 0392240   203922407   第一借阅区/ [索取号:B565.53/15≈2] 在馆    
唐山师范学院图书馆 欢迎您!
大连网信软件有限公司© 版权所有